[Event "Staatsliga B - Ost 2002/03"]
[Site "Gols, Hauptplatz, RAIBA"]
[Date "2002.10.26"]
[Round "2"]
[Board "3"]
[White "Neulinger, Manfred"]
[Black "Stranz, Richard"]
[Result "1/2-1/2"]
[WhiteElo "2384"]
[BlackElo "2252"]
[PlyCount "37"]

1.e4 e6 2.d4 d5 3.Nc3 dxe4 4.Nxe4 Nd7 5.g3 b6 6.Bg2 Rb8 7.Ne2 Bb7 8.O-O Ngf6
9.Bg5 Be7 10.Bxf6 Nxf6 11.Nxf6+ Bxf6 12.Bxb7 Rxb7 13.c3 O-O 14.Qa4 Qc8 15.Rad1
Rd8 16.Nf4 c6 17.Rd3 Rbd7 18.Rfd1 g6 19.h4

[Event "Staatsliga B - Ost 2002/03"]
[Site "Gols, Hauptplatz, RAIBA"]
[Date "2002.10.26"]
[Round "2"]
[Board "4"]
[White "Krpelan, Wolfgang"]
[Black "Schroll, Gerhard"]
[Result "1-0"]
[WhiteElo "2217"]
[BlackElo "2381"]
[PlyCount "49"]

1.d4 Nf6 2.Nf3 g6 3.Nc3 d5 4.Bf4 Bg7 5.e3 O-O 6.Be2 c6 7.O-O Bg4 8.h3 Bxf3
9.Bxf3 Nbd7 10.e4 dxe4 11.Nxe4 Nxe4 12.Bxe4 Qb6 13.c3 Qxb2 14.Qd3 Qa3 15.Rfb1
Rad8 16.Qc2 e5 17.Bg5 f6 18.Bc1 Qa5 19.Rxb7 exd4 20.cxd4 f5 21.Bxc6 Nb8 22.Bb2
Nxc6 23.Qxc6 Rb8 24.Bc3 Qa3 25.Rxg7+

[Event "Staatsliga B - Ost 2002/03"]
[Site "Gols, Hauptplatz, RAIBA"]
[Date "2002.10.26"]
[Round "2"]
[Board "5"]
[White "Posch, Werner"]
[Black "Ranits, Franz"]
[Result "1-0"]
[WhiteElo "2290"]
[BlackElo "2209"]
[PlyCount "141"]

1.e4 Nf6 2.Nc3 d5 3.e5 Ne4 4.Nce2 d4 5.c3 Nc6 6.cxd4 Ng5 7.f4 Ne6 8.Nf3 Nexd4
9.Nexd4 Nxd4 10.Qa4+ Nc6 11.Bb5 Qd5 12.Bc4 Qe4+ 13.Kf2 e6 14.d4 Bd7 15.Re1 Qf5
16.Qd1 Be7 17.Bd3 Qh5 18.a3 h6 19.Rg1 f5 20.exf6 Bxf6 21.g4 Qd5 22.Bg6+ Kf8
23.Be3 Ne7 24.Bc2 g5 25.Rg3 Kg7 26.Qd3 Raf8 27.Bb3 Qd6 28.fxg5 hxg5 29.Kg1 Bc6
30.Rf1 Nd5 31.Bc2 Rh6 32.Bxg5 Bxg5 33.Nxg5 Rxf1+ 34.Qxf1 Nf4 35.Qf2 Qd5 36.Ne4
Qxd4 37.Qe3 Ne2+ 38.Kg2 Qxe3 39.Rxe3 Nf4+ 40.Kg3 e5 41.Nf2 Rd6 42.Nd3 Ng6
43.Nxe5 Nxe5 44.Rxe5 Rd2 45.Rg5+ Kh8 46.Rc5 a5 47.h4 a4 48.Kf4 Rg2 49.h5 Bd7
50.Bf5 Bxf5 51.Kxf5 Rxb2 52.Rxc7 Rb5+ 53.Kg6 Rb6+ 54.Kf7 Rb5 55.Rc4 Ra5 56.Rb4
Rc5 57.Rxb7 Ra5 58.Rb6 Kh7 59.Kf6 Kh6 60.Re6 Rc5 61.Ra6 Rc4 62.Kf5+ Kg7 63.Re6
Rc5+ 64.Re5 Rc1 65.Re4 Rc5+ 66.Kf4 Ra5 67.g5 Ra7 68.Kf5 Ra5+ 69.Re5 Ra7 70.h6+
Kg8 71.Kf6

[Event "Staatsliga B - Ost 2002/03"]
[Site "Gols, Hauptplatz, RAIBA"]
[Date "2002.10.26"]
[Round "2"]
[Board "6"]
[White "Froschauer, Hans"]
[Black "Wiedner, Robert"]
[Result "1/2-1/2"]
[WhiteElo "2123"]
[BlackElo "2241"]
[PlyCount "45"]

1.e4 c5 2.Nf3 e6 3.d4 cxd4 4.Nxd4 a6 5.Be2 Qc7 6.O-O Nf6 7.Nc3 b5 8.Bf3 e5 9.Nf5
d6 10.Ne3 Be6 11.Ned5 Nxd5 12.Nxd5 Qb7 13.Ne3 Nd7 14.Re1 Rc8 15.Bd2 Nc5 16.Bb4
Be7 17.Qe2 O-O 18.Rad1 Rfd8 19.Nd5 Bxd5 20.Rxd5 Na4 21.Ba5 Rf8 22.c3 Nb6 23.Bxb6

[Event "Staatsliga B - Ost 2002/03"]
[Site "Gols, Hauptplatz, RAIBA"]
[Date "2002.10.26"]
[Round "2"]
[Board "1"]
[White "Likavsky, Tomas"]
[Black "Rotstein, Arkadij"]
[Result "1-0"]
[WhiteElo "2465"]
[BlackElo "2544"]
[PlyCount "70"]

1.Nf3 c5 2.c4 Nf6 3.d4 cxd4 4.Nxd4 e6 5.Nc3 a6 6.e4 Qc7 7.a3 Nc6 8.Be2 Nxd4
9.Qxd4 Bd6 10.Be3 Be5 11.Qd3 O-O 12.Bd4 b6 13.Bxe5 Qxe5 14.Qe3 Bb7 15.f4 Qc5
16.Qxc5 bxc5 17.Bf3 Rab8 18.O-O-O Rfd8 19.Rd3 Kf8 20.Rhd1 Ke7 21.e5 Ne8 22.Bxb7
Rxb7 23.Ne4 Rc8 24.Kc2 Rc6 25.Kc3 a5 26.Kc2 a4 27.Nc3 Ra6 28.Nb5 Rab6 29.g4 h6
30.R1d2 g5 31.f5 f6 32.Re2 Nc7 33.exf6+ Kxf6 34.fxe6 dxe6 35.Rf3+ Ke7 {sowie
weitere 36 Zuege}

[Event "Staatsliga B - Ost 2002/03"]
[Site "Gols, Hauptplatz, RAIBA"]
[Date "2002.10.26"]
[Round "2"]
[Board "2"]
[White "Wukits, Rene"]
[Black "Dudas, Jan"]
[Result "1/2-1/2"]
[WhiteElo "2296"]
[BlackElo "2341"]
[PlyCount "30"]

1.d4 Nf6 2.c4 c5 3.d5 b5 4.cxb5 a6 5.b6 d6 6.Nc3 Nbd7 7.e4 g6 8.Nf3 Bg7 9.a4
Qxb6 10.a5 Qc7 11.Be2 O-O 12.O-O Rb8 13.Nd2 Bb7 14.Nc4 Ba8 15.f4 Rb4

[Event "Staatsliga B - Ost 2002/03"]
[Site "Gols, Hauptplatz, RAIBA"]
[Date "2002.10.26"]
[Round "2"]
[Board "3"]
[White "Hadjieff, Dieter"]
[Black "Kreindl, Helmut"]
[Result "1-0"]
[WhiteElo "2271"]
[BlackElo "2230"]
[PlyCount "69"]

1.Nf3 d5 2.d4 Nf6 3.e3 Bf5 4.Bd3 Bxd3 5.cxd3 c6 6.O-O e6 7.Nc3 Be7 8.e4 O-O
9.Re1 Re8 10.h3 Nfd7 11.Bf4 Nf8 12.Rc1 Ng6 13.Bh2 Bd6 14.Bxd6 Qxd6 15.exd5 a6
16.dxe6 fxe6 17.Qb3 Nd7 18.Ne4 Qd5 19.Qxb7 Reb8 20.Qxc6 Qxc6 21.Rxc6 Rxb2 22.Nc5
Nxc5 23.dxc5 Nf4 24.a4 Ra2 25.Re4 Rf8 26.Rxf4 Rxf4 27.Rxa6 Rfxa4 28.Rxe6 Rc2
29.Ne5 Ra1+ 30.Kh2 Rxf2 31.c6 Ra7 32.d4 Rf6 33.Rxf6 gxf6 34.d5 Kf8 35.d6

[Event "Staatsliga B - Ost 2002/03"]
[Site "Gols, Hauptplatz, RAIBA"]
[Date "2002.10.26"]
[Round "2"]
[Board "4"]
[White "Schwaninger, Wolfgang"]
[Black "Todor, Razvan"]
[Result "1/2-1/2"]
[WhiteElo "2188"]
[BlackElo "2202"]
[PlyCount "56"]

1.d4 Nf6 2.Nf3 g6 3.Bf4 Bg7 4.e3 d5 5.Nbd2 O-O 6.c4 c5 7.Be2 Nc6 8.dxc5 Qa5
9.O-O dxc4 10.Bxc4 Qxc5 11.Qc2 Be6 12.Rac1 Bxc4 13.Nxc4 Nd5 14.Be5 Nxe5 15.Ncxe5
Qxc2 16.Rxc2 Rac8 17.Rfc1 Nb6 18.Kf1 Rxc2 19.Rxc2 Rc8 20.Rxc8+ Nxc8 21.a4 f6
22.Nc4 e5 23.g4 Kf7 24.g5 Ke6 25.gxf6 Bxf6 26.e4 Nd6 27.Nfd2 Nf7 28.Ke2 Be7

[Event "Staatsliga B - Ost 2002/03"]
[Site "Gols, Hauptplatz, RAIBA"]
[Date "2002.10.26"]
[Round "2"]
[Board "5"]
[White "Trkulja, Zoran"]
[Black "Wallner, Alfred"]
[Result "1-0"]
[WhiteElo "2232"]
[BlackElo "2242"]
[PlyCount "83"]

1.e4 c5 2.Nf3 e6 3.d4 cxd4 4.Nxd4 Nf6 5.Nc3 d6 6.f4 a6 7.Bd3 Nc6 8.Nf3 Be7 9.O-O
O-O 10.Kh1 b5 11.a3 Bb7 12.Qe1 b4 13.axb4 Nxb4 14.Qg3 d5 15.e5 Ne4 16.Qh3 Qb6
17.Nd1 Nxd3 18.cxd3 Nc5 19.Nd4 Nd7 20.Nf3 Rac8 21.Be3 Qb5 22.Nf2 Nc5 23.Nd4 Qd7
24.b4 Na4 25.f5 exf5 26.Nxf5 Bc6 27.Rfc1 Rce8 28.Bd4 Qb7 29.Qg3 g6 30.Nxe7+ Rxe7
31.Ng4 Re6 32.Nf6+ Kg7 33.Rf1 Qxb4 34.Qh4 h6 35.Rf4 Qd2 36.Raf1 Qxd3 37.R4f3 Qc4
38.Qxh6+ Kxh6 39.Rh3+ Kg5 40.Be3+ Qf4 41.Bxf4+ Kf5 42.Bg3+

[Event "Staatsliga B - Ost 2002/03"]
[Site "Gols, Hauptplatz, RAIBA"]
[Date "2002.10.26"]
[Round "2"]
[Board "1"]
[White "Pingitzer, Harald"]
[Black "Polak, Tomas"]
[Result "1/2-1/2"]
[WhiteElo "2372"]
[BlackElo "2475"]
[PlyCount "24"]

1.Nf3 Nf6 2.d4 e6 3.Nbd2 d5 4.e3 c5 5.c3 Bd6 6.Bd3 Nc6 7.O-O O-O 8.e4 cxd4
9.cxd4 dxe4 10.Nxe4 Nxe4 11.Bxe4 h6 12.b3 Qa5

[Event "Staatsliga B - Ost 2002/03"]
[Site "Gols, Hauptplatz, RAIBA"]
[Date "2002.10.26"]
[Round "2"]
[Board "2"]
[White "Groetz, Harald"]
[Black "Kummer, Helmut"]
[Result "1/2-1/2"]
[WhiteElo "2322"]
[BlackElo "2341"]
[PlyCount "123"]

1.e4 e5 2.Nf3 Nc6 3.Bb5 a6 4.Bxc6 dxc6 5.O-O Qd6 6.d4 exd4 7.Nxd4 c5 8.Ne2 Bd7
9.Bf4 Qc6 10.Nbc3 O-O-O 11.Nd5 Be6 12.c4 Bd6 13.Qc1 Bxf4 14.Nexf4 Qd6 15.Qe3 Nh6
16.Rad1 g5 17.Nxe6 fxe6 18.e5 Qf8 19.Nf6 Qe7 20.Qxg5 Nf5 21.Ne4 Qxg5 22.Nxg5
Rde8 23.Ne4 b6 24.Nf6 Re7 25.g4 Rg7 26.Kh1 Nd4 27.f4 a5 28.a4 Rf8 29.Rd3 Kd8
30.Rh3 Rff7 31.Rh6 Rg6 32.Rxg6 hxg6 33.h4 Ke7 34.Kg2 Rf8 35.Rh1 Nc2 36.Rc1 Nd4
37.Kf2 Rd8 38.Rd1 Kf7 39.h5 gxh5 40.Nxh5 Kg6 41.Ng3 Rf8 42.Ke3 Rh8 43.Rh1 Rd8
44.Rh2 Nc6 45.Rd2 Rh8 46.Rd7 Rh3 47.Kf2 Nd4 48.Kg2 Rh4 49.Rd8 Kf7 50.Nh5 Rxg4+
51.Kh3 Rg8 52.Rd7+ Kg6 53.Nf6 Rh8+ 54.Kg4 Rh1 55.Ne8 Rg1+ 56.Kh3 Kf5 57.Rg7 Ke4
58.Nxc7 Kf3 59.Kh4 Nf5+ 60.Kh5 Kxf4 61.Nxe6+ Kxe5 62.Nc7 {sowie weitere 47
Zuege, welche in  beidseitiger akuter Zeitnot nicht mitgeschrieben werden
konnten}

[Event "Staatsliga B - Ost 2002/03"]
[Site "Gols, Hauptplatz, RAIBA"]
[Date "2002.10.26"]
[Round "2"]
[Board "3"]
[White "Schneider-Zinner, Harald"]
[Black "Hangweyrer, Manfred"]
[Result "0-1"]
[WhiteElo "2353"]
[BlackElo "2315"]
[PlyCount "80"]

1.d4 d6 2.Nf3 Nf6 3.c4 g6 4.Nc3 Bg7 5.e4 O-O 6.Be2 e5 7.O-O Na6 8.Re1 Qe8 9.Bg5
c6 10.d5 c5 11.Nd2 h6 12.Bh4 Nc7 13.a3 b6 14.b4 Qe7 15.bxc5 bxc5 16.Rb1 g5
17.Bg3 Nfe8 18.Bg4 Bxg4 19.Qxg4 Nf6 20.Qe2 h5 21.h4 g4 22.Nf1 Rfb8 23.Ne3 Nd7
24.f3 gxf3 25.Qxf3 Nf6 26.Nf5 Qf8 27.Bf2 Nce8 28.Be3 Ng4 29.Ne2 f6 30.Neg3 Qf7
31.Bd2 Rb6 32.Ba5 Ra6 33.Qc3 Bh6 34.Rb5 Ng7 35.Reb1 Re8 36.Rb7 Qg6 37.Bc7 Ne3
38.Rb8 Rxb8 39.Rxb8+ Kh7 40.Bd8 Ngxf5

[Event "Staatsliga B - Ost 2002/03"]
[Site "Gols, Hauptplatz, RAIBA"]
[Date "2002.10.26"]
[Round "2"]
[Board "4"]
[White "Wolfram, Bernd"]
[Black "Hansen, Kay"]
[Result "1-0"]
[WhiteElo "2176"]
[BlackElo "2265"]
[PlyCount "35"]

1.e4 c6 2.d4 d5 3.e5 Bf5 4.Nc3 e6 5.g4 Bg6 6.Nge2 f6 7.Nf4 Bf7 8.Nd3 Nd7 9.f4
fxe5 10.fxe5 Qh4+ 11.Nf2 O-O-O 12.Bf4 c5 13.Qd2 Be7 14.Nb5 Kb8 15.Rg1 g5 16.Qa5
a6 17.Qc7+ Ka8 18.Nd6

[Event "Staatsliga B - Ost 2002/03"]
[Site "Gols, Hauptplatz, RAIBA"]
[Date "2002.10.26"]
[Round "2"]
[Board "6"]
[White "Schirmbeck, Hannes"]
[Black "Sandhu, Mario"]
[Result "0-1"]
[WhiteElo "2144"]
[BlackElo "2334"]
[PlyCount "80"]

1.e4 c6 2.d4 d5 3.e5 c5 4.dxc5 Nc6 5.Nf3 Bg4 6.Bb5 e6 7.Be3 Qa5+ 8.Nc3 Nge7 9.h3
Bxf3 10.Qxf3 a6 11.Ba4 Ng6 12.Qg3 Bxc5 13.Bxc6+ bxc6 14.Bxc5 Qxc5 15.O-O-O O-O
16.h4 f6 17.exf6 Rxf6 18.Rd2 Raf8 19.f3 Ne7 20.h5 Nf5 21.Qc7 Qd6 22.Qa7 Ng3
23.Re1 c5 24.Na4 Rc8 25.Qb7 Rc7 26.Qb8+ Rf8 27.Qb3 Nxh5 28.Qe3 Rf6 29.g4 Nf4
30.Nc3 Qc6 31.Qe5 Ng6 32.Qh5 Rxf3 33.Rh2 Nf8 34.Ne2 Rcf7 35.g5 g6 36.Qg4 e5
37.Nc3 e4 38.Rd1 R7f5 39.Rhd2 R3f4 40.Nxd5 Qxd5

[Event "Staatsliga B - Ost 2002/03"]
[Site "Gols, Hauptplatz, RAIBA"]
[Date "2002.10.26"]
[Round "2"]
[Board "1"]
[White "Gross, Stefan"]
[Black "Petran, Peter"]
[Result "0-1"]
[WhiteElo "2351"]
[BlackElo "2372"]
[PlyCount "83"]

1.e4 c6 2.d4 d5 3.exd5 cxd5 4.c4 Nf6 5.Nc3 g6 6.cxd5 Bg7 7.Bb5+ Nbd7 8.d6 e6
9.Nf3 O-O 10.O-O a6 11.Be2 b5 12.Ne5 Bb7 13.Bf4 Nb6 14.Bf3 Bxf3 15.Qxf3 Nh5
16.Ne4 Nxf4 17.Qxf4 Nd5 18.Qg3 f5 19.Ng5 Qxd6 20.Rac1 Bxe5 21.Qxe5 Qxe5 22.dxe5
Nf4 23.Rc7 h6 24.Nh7 Rf7 25.Nf6+ Kg7 26.Rxf7+ Kxf7 27.Rd1 g5 28.g3 Ng6 29.Rd7+
Ne7 30.f4 Rc8 31.fxg5 hxg5 32.Nh7 Rc1+ 33.Kg2 Rc2+ 34.Kg1 Rxb2 35.Nxg5+ Ke8
36.Ra7 Rxa2 37.Nxe6 b4 38.Nc7+ Kf8 39.Rb7 a5 40.e6 Rc2 41.Na6 Nc6 42.h4

[Event "Staatsliga B - Ost 2002/03"]
[Site "Gols, Hauptplatz, RAIBA"]
[Date "2002.10.26"]
[Round "2"]
[Board "2"]
[White "Lipka, Juraj"]
[Black "Neumeier, Klaus"]
[Result "1-0"]
[WhiteElo "2432"]
[BlackElo "2271"]
[PlyCount "91"]

1.e4 e5 2.Nf3 Nc6 3.Bb5 a6 4.Bxc6 dxc6 5.O-O Bg4 6.h3 h5 7.d3 Qf6 8.Nbd2 Ne7
9.Re1 Ng6 10.d4 Bd6 11.hxg4 hxg4 12.Nh2 Rxh2 13.Qxg4 Rh4 14.Qf5 Rf4 15.Qxf6 Rxf6
16.Nf3 Rxf3 17.gxf3 exd4 18.e5 Be7 19.f4 Nh4 20.Kf1 c5 21.b3 Kd7 22.Ke2 Ke6
23.Rh1 Rd8 24.Rh3 Rd7 25.Bd2 b5 26.a4 c6 27.axb5 axb5 28.Ra8 c4 29.bxc4 bxc4
30.Re8 Nf5 31.Bb4 Rb7 32.Bxe7 Nxe7 33.Ra3 c5 34.Ra5 Rc7 35.Ra6+ Kf5 36.Kf3 d3
37.Rh8 Nc6 38.c3 f6 39.exf6 Kxf6 40.Rh5 g6 41.Rxc5 d2 42.Ke2 Rd7 43.Ra1 Ne7
44.Rd1 Rd5 45.Rxc4 Kf5 46.Rxd2

[Event "Staatsliga B - Ost 2002/03"]
[Site "Gols, Hauptplatz, RAIBA"]
[Date "2002.10.26"]
[Round "2"]
[Board "3"]
[White "Hechl, Gerald"]
[Black "Brod, Manfred"]
[Result "1/2-1/2"]
[WhiteElo "2250"]
[BlackElo "2237"]
[PlyCount "21"]

1.Nc3 c5 2.Nf3 Nc6 3.d4 cxd4 4.Nxd4 d6 5.g3 e5 6.Nb3 h6 7.Bg2 Nf6 8.O-O Be6 9.e4
Be7 10.h3 O-O 11.Be3

[Event "Staatsliga B - Ost 2002/03"]
[Site "Gols, Hauptplatz, RAIBA"]
[Date "2002.10.26"]
[Round "2"]
[Board "4"]
[White "Salamon, Werner"]
[Black "Wanderer, Thomas"]
[Result "1/2-1/2"]
[WhiteElo "2187"]
[BlackElo "2159"]
[PlyCount "24"]

1.e4 c5 2.Nf3 Nc6 3.Nc3 g6 4.d4 cxd4 5.Nxd4 Bg7 6.Be3 Nf6 7.Be2 O-O 8.O-O d6
9.f4 Nd7 10.Kh1 Re8 11.Qd2 Nb6 12.Rad1 Bd7

[Event "Staatsliga B - Ost 2002/03"]
[Site "Gols, Hauptplatz, RAIBA"]
[Date "2002.10.26"]
[Round "2"]
[Board "5"]
[White "Mayr, Thomas"]
[Black "Savio, Alfred"]
[Result "1/2-1/2"]
[WhiteElo "2086"]
[BlackElo "2066"]
[PlyCount "46"]

1.e4 d5 2.exd5 Nf6 3.d4 Nxd5 4.Nf3 Bf5 5.c3 e6 6.Qb3 Nb6 7.Be2 Bd6 8.Be3 Nc6
9.O-O O-O 10.c4 Nb4 11.c5 Nc2 12.Na3 Nxa1 13.Rxa1 Be7 14.cxb6 axb6 15.Nc4 Be4
16.Ncd2 Bd5 17.Bc4 c6 18.Bxd5 exd5 19.Rc1 Bd6 20.a3 Re8 21.Qd3 Qf6 22.Bg5 Qg6
23.Qxg6 hxg6

[Event "Staatsliga B - Ost 2002/03"]
[Site "Gols, Hauptplatz, RAIBA"]
[Date "2002.10.26"]
[Round "2"]
[Board "1"]
[White "Palkovi, Jozsef"]
[Black "Staudner, Oliver"]
[Result "1-0"]
[WhiteElo "2398"]
[BlackElo "2360"]
[PlyCount "55"]

1.e4 e6 2.d4 d5 3.Nc3 Bb4 4.exd5 exd5 5.Bd3 Nc6 6.a3 Bxc3+ 7.bxc3 Nf6 8.h3 O-O
9.Qf3 h6 10.Ne2 Na5 11.O-O Re8 12.Ng3 Nc4 13.Bf4 a5 14.Rfe1 Rxe1+ 15.Rxe1 Ra6
16.Nh5 Re6 17.Rxe6 Bxe6 18.Nxg7 Kxg7 19.Qg3+ Kf8 20.Bxh6+ Ke7 21.Bg5 Qd6 22.Qf3
Qxa3 23.Qxf6+ Kd7 24.f4 Qxc3 25.f5 Qe1+ 26.Kh2 Nd6 27.fxe6+ fxe6 28.Qg7+

[Event "Staatsliga B - Ost 2002/03"]
[Site "Gols, Hauptplatz, RAIBA"]
[Date "2002.10.26"]
[Round "2"]
[Board "2"]
[White "Plachetka, Jan"]
[Black "Gugler, Edgar"]
[Result "1-0"]
[WhiteElo "2451"]
[BlackElo "2225"]
[PlyCount "89"]

1.e4 c6 2.d4 g6 3.Nc3 Bg7 4.Nf3 d5 5.h3 dxe4 6.Nxe4 Nf6 7.Nxf6+ exf6 8.Bc4 O-O
9.O-O Re8 10.Bf4 Nd7 11.Bb3 Nb6 12.Qd2 Bf5 13.Rfe1 Be4 14.Nh2 h5 15.c4 Qd7
16.Rad1 Bf5 17.Nf3 Rxe1+ 18.Qxe1 a5 19.a4 Bf8 20.Be3 Bb4 21.Qf1 Re8 22.Ne1 Nc8
23.Nd3 Bxd3 24.Qxd3 Bf8 25.c5 Ne7 26.Bd2 Ra8 27.Qf3 Bg7 28.Bf4 Qf5 29.g4 hxg4
30.hxg4 Qd7 31.Re1 Nd5 32.Bd6 Bf8 33.Bg3 Kg7 34.Kg2 Be7 35.Bxd5 cxd5 36.Qf4 g5
37.Qc7 Qxc7 38.Bxc7 Kf8 39.Re3 Ra6 40.Rb3 Ra7 41.f3 Ke8 42.Bb8 Ra6 43.Rxb7 Re6
44.Kf2 f5 45.gxf5

[Event "Staatsliga B - Ost 2002/03"]
[Site "Gols, Hauptplatz, RAIBA"]
[Date "2002.10.26"]
[Round "2"]
[Board "3"]
[White "Waller, Helmut"]
[Black "Beckhuis, Gernod"]
[Result "0-1"]
[WhiteElo "2175"]
[BlackElo "2283"]
[PlyCount "86"]

1.d4 Nf6 2.Nf3 g6 3.c4 Bg7 4.Nc3 O-O 5.e4 d6 6.Be2 e5 7.dxe5 dxe5 8.Qxd8 Rxd8
9.Bg5 c6 10.O-O Nbd7 11.Rad1 Re8 12.Rd6 Bf8 13.Rdd1 a5 14.a3 a4 15.h3 Bc5 16.Rd3
Kg7 17.Rfd1 Nb6 18.Rd8 Rxd8 19.Bxf6+ Kxf6 20.Rxd8 Ra5 21.g4 h6 22.Nd2 Bd4 23.Nd1
Be6 24.Kg2 Rc5 25.b4 axb3 26.Nxb3 Bxc4 27.Bxc4 Rxc4 28.Rb8 Nd7 29.Rxb7 Nc5
30.Nxc5 Bxc5 31.Rb3 Ke6 32.Nc3 Kd6 33.Kf3 Kc7 34.Ke2 Bb6 35.f3 Rd4 36.Rb4 Rd8
37.Rc4 Bd4 38.Nb5+ Kb6 39.Nxd4 exd4 40.Kd3 c5 41.a4 Kc6 42.f4 Rb8 43.Kc2 f5

[Event "Staatsliga B - Ost 2002/03"]
[Site "Gols, Hauptplatz, RAIBA"]
[Date "2002.10.26"]
[Round "2"]
[Board "4"]
[White "Vokroj, Rene"]
[Black "Wadsack, Wolfgang"]
[Result "1/2-1/2"]
[WhiteElo "2287"]
[BlackElo "2162"]
[PlyCount "83"]

1.Nf3 d5 2.g3 c6 3.Bg2 Bg4 4.d3 Nd7 5.b3 e5 6.O-O Bc5 7.Bb2 Qc7 8.c4 dxc4 9.bxc4
Ngf6 10.Nbd2 Rd8 11.Qc2 O-O 12.e3 Rfe8 13.d4 exd4 14.exd4 Bf8 15.Rfe1 Bb4 16.Re3
Re6 17.Nf1 Rde8 18.Ng5 Rxe3 19.Nxe3 Bh5 20.d5 Bg6 21.Qa4 Bc5 22.Qb3 h6 23.Nf3
Bxe3 24.fxe3 Be4 25.dxc6 Bxc6 26.Bd4 b6 27.Rf1 Be4 28.Qb5 Qc6 29.Qxc6 Bxc6
30.Rd1 Rc8 31.Nd2 Bxg2 32.Kxg2 Ng4 33.Rc1 Nge5 34.Rc3 Rc6 35.Ra3 a5 36.c5 bxc5
37.Bc3 Ng4 38.Nc4 Nb6 39.Nxb6 Rxb6 40.Rxa5 Nxe3+ 41.Kf3 Nd5 42.Rxc5

[Event "Staatsliga B - Ost 2002/03"]
[Site "Gols, Hauptplatz, RAIBA"]
[Date "2002.10.26"]
[Round "2"]
[Board "5"]
[White "Wadsack, Winfried"]
[Black "Schumi, Manfred"]
[Result "1/2-1/2"]
[WhiteElo "2149"]
[BlackElo "2217"]
[PlyCount "40"]

1.e4 c5 2.c3 Nf6 3.e5 Nd5 4.d4 cxd4 5.Nf3 e6 6.cxd4 b6 7.Bd3 Bb4+ 8.Bd2 Bxd2+
9.Nbxd2 Ba6 10.Ne4 O-O 11.O-O Bxd3 12.Qxd3 f5 13.exf6 gxf6 14.Nc3 Nxc3 15.Qxc3
Nc6 16.Rac1 Ne7 17.Nd2 Nd5 18.Qb3 Kh8 19.Ne4 Qe7 20.Nc3 Nxc3

[Event "Staatsliga B - Ost 2002/03"]
[Site "Gols, Hauptplatz, RAIBA"]
[Date "2002.10.26"]
[Round "2"]
[Board "6"]
[White "Rogetzer, Klaus"]
[Black "Thierjung, Helmut"]
[Result "1/2-1/2"]
[WhiteElo "2135"]
[BlackElo "2032"]
[PlyCount "30"]

1.d4 Nf6 2.c4 c6 3.Nf3 d5 4.e3 g6 5.Be2 Bg7 6.Nc3 O-O 7.O-O Nbd7 8.cxd5 cxd5
9.Qb3 e6 10.Rd1 a6 11.Bd2 b6 12.a4 Bb7 13.Na2 Ne4 14.a5 Nxd2 15.Rxd2 b5

[Event "Staatsliga B - Ost 2002/03"]
[Site "Gols, Hauptplatz, RAIBA"]
[Date "2002.10.26"]
[Round "2"]
[Board "1"]
[White "Tibensky, Robert"]
[Black "Balinov, Ilija"]
[Result "1/2-1/2"]
[WhiteElo "2446"]
[BlackElo "2444"]
[PlyCount "163"]

1.d4 Nf6 2.c4 g6 3.Nc3 Bg7 4.g3 d5 5.cxd5 Nxd5 6.Bg2 Nb6 7.Nf3 Nc6 8.d5 Bxc3+
9.bxc3 Qxd5 10.Qxd5 Nxd5 11.e4 Nf6 12.Nd4 Bd7 13.f4 e5 14.Nc2 O-O 15.O-O Rfe8
16.f5 Kg7 17.Bg5 h6 18.Bxf6+ Kxf6 19.Rad1 Red8 20.Ne3 Kg7 21.Nd5 Na5 22.Nxc7
Rac8 23.Nd5 Bb5 24.Rf2 Bc6 25.f6+ Kf8 26.Bh3 Rc7 27.Rf3 Nc4 28.Bf1 Bxd5 29.Rxd5
Rxd5 30.exd5 Ke8 31.Bd3 Rc5 32.g4 Nd6 33.c4 b5 34.cxb5 Rxd5 35.Be2 Nxb5 36.Bc4
Rd1+ 37.Kg2 Nd6 38.Bb3 Rd2+ 39.Kh3 g5 40.Rc3 Kd7 41.Rc5 Rf2 42.Rxe5 Rxf6 43.Ra5
Ne8 44.Kg3 Rf4 45.Ra6 Kc7 46.Rxh6 Nd6 47.h4 Ne4+ 48.Kh3 Rf3+ 49.Kg2 Rf2+ 50.Kh3
gxh4 51.Bd5 Ng5+ 52.Kxh4 f6 53.Rxf6 Rxf6 54.Kxg5 Ra6 55.Bb3 Kd7 56.Kf5 Ke7 57.g5
Rb6 58.g6 Rb5+ 59.Ke4 Rg5 60.Bf7 Kf6 61.Kf4 Rf5+ 62.Ke4 Re5+ 63.Kf4 Re1 64.Kf3
Rg1 65.Kf4 a5 66.Ke4 Rg2 67.Kf3 Rb2 68.Ke4 Rd2 69.Kf3 Rd1 70.Ke4 Rd2 71.Kf4 Rg2
72.Kf3 Rg1 73.Kf4 Rg2 74.Kf3 Rg5 75.Kf4 Rg1 76.Ke4 Rd1 77.Kf3 Rd8 78.Ke4 Rd7
79.Kf3 Rd1 80.Ke4 Rd2 81.Ke3 Rd8 82.Ke4

[Event "Staatsliga B - Ost 2002/03"]
[Site "Gols, Hauptplatz, RAIBA"]
[Date "2002.10.26"]
[Round "2"]
[Board "2"]
[White "Miniboeck, Guenter"]
[Black "Wallner, Joachim"]
[Result "1-0"]
[WhiteElo "2335"]
[BlackElo "2297"]
[PlyCount "47"]

1.d4 d5 2.c4 c6 3.Nf3 Nf6 4.Nc3 dxc4 5.a4 Bg4 6.Ne5 Bh5 7.f3 e6 8.g4 Nd5 9.e4
Nxc3 10.bxc3 f6 11.gxh5 fxe5 12.Bxc4 exd4 13.cxd4 e5 14.dxe5 Qa5+ 15.Ke2 Qxe5
16.Rb1 b6 17.h6 Nd7 18.Bb2 Qg5 19.Bf7+ Kxf7 20.Qxd7+ Be7 21.Rhg1 Rhd8 22.Rxg5
Rxd7 23.Rxg7+ Ke6 24.f4

[Event "Staatsliga B - Ost 2002/03"]
[Site "Gols, Hauptplatz, RAIBA"]
[Date "2002.10.26"]
[Round "2"]
[Board "3"]
[White "Brustkern, Juergen"]
[Black "Brandner, Stefan"]
[Result "0-1"]
[WhiteElo "2331"]
[BlackElo "2300"]
[PlyCount "106"]

1.e4 e5 2.Nf3 Nc6 3.Nc3 Nf6 4.g3 d5 5.exd5 Nxd5 6.Bg2 Nxc3 7.bxc3 Bc5 8.O-O O-O
9.Re1 Bg4 10.h3 Bh5 11.g4 Bg6 12.d3 e4 13.dxe4 Qxd1 14.Rxd1 Bxe4 15.Nd4 Rfe8
16.Be3 Na5 17.Bxe4 Rxe4 18.Nf5 Bf8 19.Rd7 c6 20.Rad1 h5 21.Rc7 hxg4 22.Rdd7 Nc4
23.Rxf7 Nxe3 24.Nxe3 gxh3 25.Rxb7 Rh4 26.Rfd7 Re8 27.Rxa7 Rf4 28.Rd4 h2+ 29.Kxh2
Rxf2+ 30.Kg3 Re2 31.Nf5 Rxc2 32.Rd3 c5 33.Rad7 Rxa2 34.Re3 Raa8 35.Rxe8 Rxe8
36.Kf3 Re5 37.Ne3 Re7 38.Rd8 Kf7 39.c4 g6 40.Nd5 Ra7 41.Rc8 Bd6 42.Rd8 Be5
43.Rc8 Bd6 44.Rd8 Ke6 45.Ke4 Ra4 46.Ne3 g5 47.Rc8 Kd7 48.Rg8 Bf4 49.Rg6 Rb4
50.Rg8 Ke6 51.Rg7 Kf6 52.Nf5 Rxc4+ 53.Kd5 Ra4

[Event "Staatsliga B - Ost 2002/03"]
[Site "Gols, Hauptplatz, RAIBA"]
[Date "2002.10.26"]
[Round "2"]
[Board "4"]
[White "Eibersberger, Manfred"]
[Black "Fusi, Christoph"]
[Result "0-1"]
[WhiteElo "2134"]
[BlackElo "2297"]
[PlyCount "74"]

1.c4 c6 2.e4 d5 3.cxd5 cxd5 4.exd5 Nf6 5.Nc3 Nxd5 6.Nf3 Nc6 7.Bb5 e6 8.O-O Be7
9.d4 O-O 10.Re1 Bf6 11.Ne4 Nce7 12.Bd3 b6 13.Bg5 Bb7 14.Ne5 Ng6 15.Qh5 Bxg5
16.Nxg5 Nf6 17.Qh3 Qxd4 18.Bxg6 hxg6 19.Nexf7 Rxf7 20.Nxf7 Ng4 21.Ng5 Qxf2+
22.Kh1 Qxe1+ 23.Rxe1 Nf2+ 24.Kg1 Nxh3+ 25.Nxh3 Bd5 26.a3 Rc8 27.Nf4 Rc2 28.Nxd5
exd5 29.Rd1 Rxb2 30.Rxd5 Ra2 31.Rd8+ Kh7 32.Rd3 g5 33.h3 Kg6 34.Rf3 b5 35.Kh2 a5
36.Kg3 Rb2 37.Kg4 Rxg2+

[Event "Staatsliga B - Ost 2002/03"]
[Site "Gols, Hauptplatz, RAIBA"]
[Date "2002.10.26"]
[Round "2"]
[Board "5"]
[White "Zetthofer, Gerald"]
[Black "Sulyok, Michael"]
[Result "1/2-1/2"]
[WhiteElo "2258"]
[BlackElo "2222"]
[PlyCount "58"]

1.c4 c5 2.Nc3 g6 3.g3 Bg7 4.Bg2 Nc6 5.d3 e6 6.e4 Nge7 7.Nge2 O-O 8.O-O a6 9.Be3
Nd4 10.f4 d6 11.Rb1 Rb8 12.b4 cxb4 13.Nxd4 bxc3 14.Qc2 Qc7 15.a4 Bd7 16.Rfc1
Rfc8 17.Qa2 Qa5 18.Rb3 b5 19.Rbxc3 bxc4 20.dxc4 Nc6 21.Qd2 Qxa4 22.R3c2 Qb4
23.Qf2 Nxd4 24.Bxd4 Bxd4 25.Qxd4 Qc5 26.Rd2 Bc6 27.Ra1 Bb7 28.Rb1 Bc6 29.Ra1 Bb7

[Event "Staatsliga B - Ost 2002/03"]
[Site "Gols, Hauptplatz, RAIBA"]
[Date "2002.10.26"]
[Round "2"]
[Board "6"]
[White "Bandy, Attila"]
[Black "Knoflicek, Ctibor"]
[Result "1/2-1/2"]
[WhiteElo "2208"]
[BlackElo "2185"]
[PlyCount "67"]

1.d4 d5 2.Nf3 Nf6 3.c3 c5 4.Bf4 Qb6 5.Qb3 Nc6 6.dxc5 Qxc5 7.Nbd2 Nh5 8.Be5 Nxe5
9.Nxe5 e6 10.e3 Bd6 11.Bb5+ Ke7 12.Be2 Nf6 13.Nd3 Qc7 14.c4 Ne4 15.cxd5 Qa5
16.Rd1 exd5 17.f3 Nxd2 18.Rxd2 Rb8 19.a3 Be6 20.Nb4 d4 21.Qd3 Rhd8 22.exd4 Bf4
23.Rd1 Qg5 24.Kf1 Kf8 25.g3 Be3 26.f4 Bh3+ 27.Ke1 Qe7 28.Qxh7 Qd7 29.Qh8+ Ke7
30.Qxg7 Bg2 31.Qg5+ Kf8 32.Qh6+ Ke7 33.Qg5+ Kf8 34.Qh6+